Combined Song Titles - One Word Links Both (1950's & 60's) - Statistics

General Stats
  • This quiz has been taken 307 times
  • The average score is 11 of 20
Answer Stats
Combined Song Titles % Correct
1 There's A Ghost In My {House} Of The Rising Sun
97%
2 Sealed With A {Kiss} Me Honey Honey, Kiss Me
94%
9 Got My Mind Set On {You} Send Me
91%
13 Who Do You {Love} Me Do
86%
8 Walk Don't {Run} To Him
84%
5 Something {Stupid} Cupid
72%
17 Shortnin' {Bread} And Butter
62%
16 Wipe {Out} Of Time
62%
7 Here Comes My {Baby} I Love You
61%
14 Love Of The Common {People} Get Ready
61%
18 Wheel's On {Fire} Brigade
58%
4 I Feel {Good} Rockin' Tonight
46%
6 My {Girl} Don't Come
43%
10 Sweet Little {Sixteen} Tons
43%
11 It's All in the {Game} Of Love
38%
20 In The Middle Of {Nowhere} To Run
30%
12 Sugar {Town} Without Pity
26%
19 Run Through The {Jungle} Rock
24%
3 My Little Red {Book} Of Love
23%
15 A Little Bit Of {Soul} Man
18%
No matching quizzes found
Score Distribution
Percent of People with Each Score
Percentile by Number Answered
Your Score History
You have not taken this quiz